00508nam a2200193 a 4500001001300000003000900013005001700022008004100039020000900080082001500089100002200104245003700126260005500163300000900218500003500227505001000262650002000272700002200292nice12345678IN_TiNIC20260116013548.0050524s1998 bana grp 000 0 eng  ac4000a492.4bMAR aMartin, Raymond A aIntroduction to Biblical Hebrew. aBangalorebTheological Publications in Indiac1998 a168p aincludes index and biblioraphy2 aIndex aHebrew-Biblical1 aMartin, Raymond A